书目信息 |
| 题名: |
基于MATLAB的液压伺服控制系统分析与设计
|
|
| 作者: | 宋志安 编著 | |
| 分册: | ||
| 出版信息: | 北京 国防工业出版社 2007.06 |
|
| 页数: | 326页 | |
| 开本: | 26cm | |
| 丛书名: | ||
| 单 册: | ||
| 中图分类: | TP272 | |
| 科图分类: | ||
| 主题词: | 液压系统--ye ya xi tong--计算机辅助计算--软件包 | |
| 电子资源: | ||
| ISBN: | 978-7-118-05132-2 | |
| 000 | 00872nam0 2200229 450 | |
| 001 | 012007095967 | |
| 005 | 20070924093648.12 | |
| 010 | @a978-7-118-05132-2@dCNY35.00 | |
| 100 | @a20070814d2007 km y0chiy0120 ea | |
| 101 | 0 | @achi |
| 102 | @aCN@b110000 | |
| 105 | @aa a 000yy | |
| 200 | 1 | @a基于MATLAB的液压伺服控制系统分析与设计@Aji yu MATLAB de ye ya ci fu kong zhi xi tong fen xi yu she ji@f宋志安编著@Fsong zhi an bian zhu |
| 210 | @a北京@c国防工业出版社@d2007.06 | |
| 215 | @a326页@c图@d26cm | |
| 320 | @a有书目 (第326页)。 | |
| 330 | @a本书讲述了:绍了液压伺服系统MRFAC理论及其在MATLAB中仿真结构,比较变异模糊控制前后液压伺服系统的仿真结果,说明了变异模糊算法在液压伺服系统中的优越性。 | |
| 606 | 0 | @a液压系统@Aye ya xi tong@x计算机辅助计算@x软件包 |
| 690 | @aTP272@v4 | |
| 701 | 0 | @a宋志安@Asong zhi an@4编著 |
| 801 | 0 | @aCN@c20070924 |
| 905 | @dTP272@eS790 | |
| 基于MATLAB的液压伺服控制系统分析与设计/宋志安编著.-北京:国防工业出版社,2007.06 |
| 326页:图;26cm |
| ISBN 978-7-118-05132-2:CNY35.00 |
| 本书讲述了:绍了液压伺服系统MRFAC理论及其在MATLAB中仿真结构,比较变异模糊控制前后液压伺服系统的仿真结果,说明了变异模糊算法在液压伺服系统中的优越性。 |
| ● |
| 相关链接 |
|
|
|
正题名:基于MATLAB的液压伺服控制系统分析与设计
索取号:TP272/S790
 
预约/预借
| 序号 | 登录号 | 条形码 | 馆藏地/架位号 | 状态 | 备注 |
| 1 | 258615 | 202586157 | 自科库301/301自科库 41排5列1层/ [索取号:TP272/S790] | 在馆 | |
| 2 | 258616 | 202586166 | 自科库301/301自科库 41排5列1层/ [索取号:TP272/S790] | 在馆 |